000 00358nam a22001697a 4500
003 UA-OsUOA
001 4195
007 ta
008 20050721b un ||||| |||| 00| 0 ukr d
100 _aSheridan
700 _aR. B.
942 _cBK
040 _aUA-OsUOA
_cUA-OsUOA
_dUA-OsUOA
245 _aThe School for Scandal.
_bReading
955 _a2
650 7 _2UDC
999 _c290357
_d290357